000 00330nam a2200145 i 4500
001 bg
100 1 _aBOROVKOV, A. A.
245 0 _aRachunek prawdopodobieĊ„stwa /
_cA.A. Borovkov.
260 _aWarszawa,
_c1975.
040 _cBPK
041 _apol
080 _a519
942 _cKS
008 s pl f |000 0 pol
999 _c15962
_d15962
856 _uhttp://koha.tu.koszalin.pl/cgi-bin/koha/opac-detail.pl?biblionumber=15962
_yKatalog online BPK